Bộ đề thi trắc nghiệm vật lí 12 : Ôn luyện thi tú tài, đại học và cao đẳng. Biên soạn theo chương trình mới dành cho học sinh ban cơ bản và nâng cao

Sách bao gồm 1740 câu trắc nghiệm khách quan lý thuyết và bài tập vật lí 12...

Sparad:
Bibliografiska uppgifter
Huvudupphovsman: Trần, Thanh Bình
Materialtyp: Bok
Språk:Undetermined
Publicerad: Thành phố Hồ Chí Minh Nxb. Đại học Quốc gia Thành phố Hồ Chí Minh 2011
Ämnen:
Taggar: Lägg till en tagg
Inga taggar, Lägg till första taggen!
Thư viện lưu trữ: Trung tâm Học liệu Trường Đại học Cần Thơ
LEADER 01004nam a2200229Ia 4500
001 CTU_182632
008 210402s9999 xx 000 0 und d
020 |c 69500 
082 |a 530.0712 
082 |b B312 
100 |a Trần, Thanh Bình 
245 0 |a Bộ đề thi trắc nghiệm vật lí 12 : 
245 0 |b Ôn luyện thi tú tài, đại học và cao đẳng. Biên soạn theo chương trình mới dành cho học sinh ban cơ bản và nâng cao 
245 0 |c Trần Thanh Bình 
260 |a Thành phố Hồ Chí Minh 
260 |b Nxb. Đại học Quốc gia Thành phố Hồ Chí Minh 
260 |c 2011 
520 |a Sách bao gồm 1740 câu trắc nghiệm khách quan lý thuyết và bài tập vật lí 12... 
650 |a Physics,Vật lý 
650 |x Study and teaching (Secondary),Dạy và học (trung học) 
904 |i Hải 
980 |a Trung tâm Học liệu Trường Đại học Cần Thơ